000 00703cab a2200217 4500
001 A586
008 090401t1996 xxu||||| |||| 00| 0 eng d
035 _a(Sirsi) u30022
041 _aeng
100 _aBoyd, T.P.
245 _aProperty DCFs - what, why, when, how...but
260 _c1996
350 _a0
490 _aSouth African Valuer
_v(45) March 1996, 5-8(4)
520 _aConsiders the extent that the DCF technique for valuing property is used worldwide and then explains what it is, the pros and cons and how it is best applied. References.
650 _aDISCOUNTED CASH FLOW
650 _aVALUATION METHODS
690 _aRATING AND VALUATION
942 _n0
948 _c04/03/1997
999 _c20209
_d20209